Statistics for Chicago Landmarks

Click here to take the quiz!

General Stats

  • This quiz has been taken 18 times
  • The average score is 14 of 50

Answer Stats

Landmark% Correct
Sears Tower
100%
Grant Park
88%
Cloud Gate
75%
Field Museum of Natural History
75%
Navy Pier
75%
Wrigley Field
75%
Shedd Aquarium
69%
Adler Planetarium
63%
Guaranteed Rate Field
50%
Soldier Field
50%
United Center
50%
John Hancock Center
44%
Art Institute of Chicago
38%
Buckingham Fountain
38%
Magnificent Mile
38%
Water Tower
38%
Water Tower Place
38%
Chicago River
31%
Lincoln Park Zoo
31%
Lake Shore Drive
25%
Trump International Hotel
25%
Aon Center
19%
Daley Center
19%
Merchandise Mart
19%
Millennium Park
19%
Tribune Tower
19%
Wrigley Building
19%
Chicago Theater
13%
Harold Washington Library
13%
Maggie Daley Park
13%
Michigan Avenue Bridge
13%
North Avenue Beach
13%
Oak Street Beach
13%
Picasso
13%
360 Tilt
6%
Chicago Riverwalk
6%
City Hall
6%
Crown Fountain
6%
Jay Pritzker Pavilion
6%
Marina City
6%
McCormick Place
6%
Museum of Science of Industry
6%
Oriental Theatre
6%
Palace Theatre
6%
Palmer House Hilton
6%
Skydeck Chicago
6%
Sue the Dinosaur
6%
U-505 Submarine
6%
Block 37
0%
Congress Hotel
0%

Score Distribution

Percentile by Number Answered

Percent of People with Each Score

Your Score History

You have not taken this quiz